书目信息 |
| 题名: |
建筑玻璃与安全玻璃标准汇编
|
|
| 作者: | ;中国标准出版社第五编辑室 编 | |
| 分册: | ||
| 出版信息: | 北京 中国标准出版社 2005.07 |
|
| 页数: | 700页 | |
| 开本: | 29cm | |
| 丛书名: | ||
| 单 册: | ||
| 中图分类: | TQ171.7-65 , TQ171.73-65 | |
| 科图分类: | ||
| 主题词: | 安全玻璃--an quan bo li--标准--中国--汇编 , 建筑玻璃--jian zhu bo li--标准--中国--汇编 | |
| 电子资源: | ||
| ISBN: | 7-5066-3797-9 | |
| 000 | 01046nam0 2200253 450 | |
| 001 | 012006162566 | |
| 005 | 20060308150349.42 | |
| 010 | @a7-5066-3797-9@dCNY125.00 | |
| 100 | @a20060308d2005 km y0chiy0120 ea | |
| 101 | 0 | @achi |
| 102 | @aCN@b110000 | |
| 105 | @aa z 000yy | |
| 200 | 1 | @a建筑玻璃与安全玻璃标准汇编@Ajian zhu bo li yu an quan bo li biao zhun hui bian@f中国标准出版社第五编辑室编@Fzhong guo biao zhun chu ban she di wu bian ji shi bian |
| 205 | @a第2版 | |
| 210 | @a北京@c中国标准出版社@d2005.07 | |
| 215 | @a700页@c图@d29cm | |
| 330 | @a本书汇集了国内现行的90项建筑玻璃与安全玻璃国家标准、行业标准,其中国家标准39项,行业标准51项,主要包括平板玻璃、浮法玻璃、安全玻璃等重要的产品标准。 | |
| 606 | 0 | @a安全玻璃@Aan quan bo li@x标准@y中国@x汇编 |
| 606 | 0 | @a建筑玻璃@Ajian zhu bo li@x标准@y中国@x汇编 |
| 690 | @aTQ171.7-65@v4 | |
| 690 | @aTQ171.73-65@v4 | |
| 711 | 02 | @a中国标准出版社第五编辑室@Azhong guo biao zhun chu ban she di wu bian ji shi@4编 |
| 801 | 0 | @aCN@bQSSK@c20060308 |
| 905 | @a10447@dTQ171.7-65@eB807 | |
| 建筑玻璃与安全玻璃标准汇编/中国标准出版社第五编辑室编.-第2版.-北京:中国标准出版社,2005.07 |
| 700页:图;29cm |
| ISBN 7-5066-3797-9:CNY125.00 |
| 本书汇集了国内现行的90项建筑玻璃与安全玻璃国家标准、行业标准,其中国家标准39项,行业标准51项,主要包括平板玻璃、浮法玻璃、安全玻璃等重要的产品标准。 |
| ● |
| 相关链接 |
|
|
|
正题名:建筑玻璃与安全玻璃标准汇编
索取号:TQ171.7-65/B807
 
预约/预借
| 序号 | 登录号 | 条形码 | 馆藏地/架位号 | 状态 | 备注 |
| 1 | 555034 | 205550349 | 自科库501/501自科库 139排7列4层/ [索取号:TQ171.7-65/B807] | 在馆 |